000 00753nam a22001817a 4500
003 BD-DhUL
005 20160927120317.0
008 160904b xxu||||| |||| 00| 0 eng d
040 _cBD-DhUL
082 _a944.04
_bPRF
100 1 _a চক্রবর্তী, প্রফুল্ল কুমার
245 1 _aফরাসী বিপ্লব /
_cপ্রফুল্ল কুমার চক্রবর্তী
260 _aকলকাতা :
_bপশ্চিমবঙ্গ রাজ্যপুস্তক পর্ষদ,
_c১৯৭৯.
300 _a৬২০ পৃ. ;
_c২২ সেমি.
650 _aইতিহাস
_vফরাসী বিপ্লব
650 _aHistory
_vFrence reveloution
942 _2ddc
_cBK
999 _c103910
_d103910